000 00688nam a22001937a 4500
005 20251003093842.0
008 251003b |||||||| |||| 00| 0 eng d
020 _a9781032510002
082 _aDC 702.81 N228 2025
100 _aNavas, Eduardo.
_968350
245 _aArt, media, design, and postproduction :
_bopen guidelines on appropriation and remix /
_cEduardo Navas.
250 _aSecond edition.
260 _aNew York :
_bRoutledge,
_c©2025.
300 _axi, 331 pages :
_billustrations ;
_c22 cm.
500 _aIncludes appendices and index.
650 0 _aAppropriation (Arts)
_xMethodology.
_968405
650 0 _aRemixes
_xProduction and direction.
_968406
942 _2ddc
_cDC
999 _c23946
_d23946